Countries that Start with U - Map Quiz - Statistics

General Stats
  • This quiz has been taken 96 times
  • The average score is 7 of 7
Answers on the Map
Answers color-coded by a green-red scale on the quiz's map according to % correct below.
 
Answer Stats
Country % Correct
Ukraine
100%
United Kingdom
100%
United States
100%
Uganda
99%
Uzbekistan
99%
United Arab Emirates
96%
Uruguay
96%
No matching quizzes found
Score Distribution
Percent of People with Each Score
Percentile by Number Answered
Your Score History
You have not taken this quiz